Une lettre suffit pour répondre juste #102 (attention 10 lettres tuent) - Statistiques

Statistiques générales
  • Ce quiz a été pris 30 fois
  • Le résultat moyen est 2 sur 6
Statistiques - réponses
Hint Réponse % Correct
Donne une des 5 lettres qui complète le nom de la franchise de baseball MLB située à Phoenix : Diamond_ _ _ _ _ de l'Arizona BACKS
100%
Donne une des 4 lettres qui complète le nom de l'élément chimique de numéro atomique 8 : _ _ _ _ENE OXYG
57%
Donne une des 3 lettres qui complète le début des paroles de la chanson Mon Vieux de Daniel Guichard : Dans son vieux pardessus râpé Il s'en allait l'hiver, l'été Dans le petit matin _ _ _ leux Mon vieux
FRI
35%
Donne une des 2 lettres qui complète le nom de cette région d'Italie en italien : _A_ IO
LZ
22%
Donne la lettre qui complète la locution latine signifiant «Du pain et des jeux» : Pane_ et circenses M
9%
Donne la lettre qui complète le nom du Pokémon (n°0100) sphérique ressemblant à une Poké Ball : _oltorbe
V
0%
Aucun quiz correspondant
Distribution des résultats
% des personnes avec chaque résultat
Percentile par nombre de réponses
Votre historique - résultats
Vous n’avez pas pris ce quiz